000 00389nam a2200133Ia 4500
008 100328s9999 xx 000 0 und d
082 _b32167
100 _aआचार्य श्री रजनीश
245 _aसाधनापथ
260 _bजीवन जागृती संघ
630 _aसाधनापथ
730 _aसाधनापथ
942 _cBOOK
999 _c522969
_d522966